000 00866cam a22002175i 4500
005 20250902135950.0
020 _a9789392018909
020 _a9392018908
082 0 4 _a355.031 091 821 DAG/N
_223
100 1 _aDagdelen, Sevim,
_91046
240 1 0 _aNATO.
245 1 0 _aNATO :
_ba reckoning with the Atlantic alliance /
_cSevim Dagdelen ; foreword by Katrina vanden Heuvel ; translated from German by Michael Schiffmann.
260 _a. -New Delhi
_b: Leftwood Books
_c, 2024
300 _a128 pages ;
500 _aOriginally published in German as Die NATO -- Eine Abrechnung mit dem Wertebündnis Neu-Isenberg. Westend Verlag GmbH, 2024.
504 _aIncludes bibliographical references.
650 0 _aSecurity, International.
_91047
700 1 _aVanden Heuvel, Katrina, Forward
_91048
700 1 _aSchiffmann, Michael,Translator
_91049
942 _2ddc
_cBK
999 _c751162
_d751162